Livin' on a Prayer – Bon Jovi Lyrics - Statistics

General Stats
  • This quiz has been taken 266 times
  • The average score is 178 of 222
Answer Stats
Answer % Correct
on
99%
a
98%
I
98%
it
97%
It
97%
Livin'
97%
Prayer
96%
the
96%
we
96%
We
96%
make
95%
to
95%
We'll
91%
got
90%
there
90%
work
90%
my
89%
hold
88%
Take
88%
and
87%
for
87%
hand
87%
half
86%
not
86%
or
86%
swear
86%
way
86%
he
85%
love
85%
oh
85%
Oh
85%
used
85%
We're
85%
We've
85%
we've
85%
what
85%
each
84%
other
84%
if
83%
difference
82%
doesn't
82%
shot
82%
that
82%
give
81%
it's
81%
so
81%
that's
80%
all
79%
she
79%
She
79%
Tommy
79%
gotta
77%
lot
77%
docks
76%
tough
76%
day
75%
Gina
72%
says
71%
down
70%
her
70%
He's
69%
he's
69%
strike
69%
his
68%
man
68%
been
67%
union's
66%
working
66%
diner
65%
luck
65%
works
65%
Whoa
64%
brings
58%
home
57%
in
56%
you
56%
okay
54%
pay
54%
Baby
52%
six
51%
of
49%
away
45%
ready
45%
night
44%
running
44%
string
43%
dreams
42%
someday
41%
When
39%
when
39%
you've
39%
live
38%
whispers
37%
cries
36%
Tommy's
34%
fight
28%
Now
28%
talk
28%
hock
25%
holding
13%
No matching quizzes found
Score Distribution
Percent of People with Each Score
Percentile by Number Answered
Your Score History
You have not taken this quiz